000 00348nam a2200121Ia 4500
008 220216s9999 xx 000 0 und d
100 _aZansig David J
_cet al
245 0 _aIBR block copolymers as compatibilizers in NR/BR blends
260 _bRubber Chemistry and Technology
_c1993
300 _a538-549
650 _aBlock co-polymer
942 _cJS
999 _c60576
_d60576